[Event "EYTCC Open U18 2018"]
[Site "Bad Blankeburg"]
[Date "2018.07.15"]
[Round "4"]
[White "Badelka, Olga"]
[Black "Pajeken, Jakob Leon"]
[Result "1-0"]
[WhiteElo "2407"]
[BlackElo "2273"]
[Annotator "TA"]
[PlyCount "94"]
[EventDate "2018.07.12"]
[EventType "swiss"]
[EventCountry "GER"]
[SourceTitle "playchess.com"]
[Source "ChessBase"]
[SourceQuality "1"]

{[%evp 21,94,-25,-27,-28,-18,-19,-9,-18,0,0,0,0,0,10,59,0,0,0,0,-2,20,31,73,54,93,82,95,64,85,72,72,27,33,26,22,27,27,26,78,37,154,125,139,131,140,134,141,137,136,107,147,99,180,192,141,74,62,55,46,47,57,52,119,91,93,73,112,54,116,57,59,41,58,41,47]} 1. c4 e6 2. Nf3 d5 3. b3 d4 4. e3 c5 5. exd4 cxd4 6. g3 Nc6 7. Bg2 Nf6 8. O-O Bd6 9. d3 O-O {A13: Reti-Eröffnung} 10. Bg5 h6 11. Bxf6 Qxf6 {LiveBook: 6 Partien. Schwarz hat minimalen Vorteil.} 12. Nbd2 Qd8 13. a3 a5 14. Qc1 $146 ({Vorgänger:} 14. Ne4 Be7 15. Qc2 e5 16. Rfe1 Bg4 17. Ned2 {½-½ (35) Korpa,B (2426)-Fridman,D (2635) Germany 2015}) 14... e5 15. c5 Bc7 16. Re1 Bf5 17. Qc2 Bh7 18. Qc4 (18. Rab1 $14) 18... Bf5 $11 19. Rab1 Be6 20. Qc1 Rc8 21. Nc4 {[%cal Rf3e5]} Qf6 22. b4 axb4 23. axb4 Bd5 24. Nfd2 Qe6 25. Bxd5 Qxd5 26. b5 Nd8 27. c6 bxc6 28. b6 Bb8 $1 29. Qa3 {Droht stark b7.} c5 (29... Ne6 $11) 30. b7 {[%mdl 1024] Weiss hat starke Kompensation.} Rc6 (30... Rc7 $1 $14) 31. Qa8 $36 {[%mdl 2048] Weiss hat starke Initiative.} Ne6 32. Nb6 Qd8 {[#]} 33. Nc8 $1 Rxc8 34. bxc8=Q Qxc8 35. Nf3 f6 36. Qd5 Qa6 {[#]} (36... Bc7 $16) 37. Ra1 $1 $18 {[%cal Ra1a6]} Qd6 38. Qxd6 (38. Qc4 $142 Qd7 39. Ra6) 38... Bxd6 $16 39. Ra6 Rd8 40. Rb1 {Schwarz muss nun Tbb6 beachten.} Nc7 $1 {[%cal Rc7a6]} 41. Ra7 Ne6 (41... c4 $14) 42. Nd2 Bf8 43. Kg2 Rc8 44. h4 (44. Rb6 $16 Nd8 45. Raa6) 44... h5 (44... Nd8 $14) 45. Kf3 ({Besser ist} 45. Rb6 $16 Nd8 46. Raa6) 45... Nd8 {Weiß steht etwas besser.} 46. Rba1 Nc6 47. Ra8 Rc7 {Precision: Weiß = 60%, Schwarz = 41%.} 1-0

[Event "EYTCC Open U18 2018"]
[Site "Bad Blankeburg"]
[Date "2018.07.15"]
[Round "4"]
[White "Teclaf, Pawel"]
[Black "Stoleriu, George"]
[Result "1/2-1/2"]
[WhiteElo "2399"]
[BlackElo "2347"]
[Annotator "TA"]
[PlyCount "127"]
[EventDate "2018.07.12"]
[EventType "swiss"]
[EventCountry "GER"]
[SourceTitle "playchess.com"]
[Source "ChessBase"]
[SourceQuality "1"]

{[%evp 23,127,-42,-42,-63,-74,-106,-102,-105,-106,-248,-74,-75,-73,-78,-71,-74,-73,-77,-69,-85,-52,-56,-25,-35,-29,-35,-15,-39,-15,-15,-15,-15,-15,-15,-15,-15,-15,-15,-15,-15,-7,-7,-7,-7,0,-7,-7,-29,-29,-78,-78,-155,-154,-405,-405,-376,-364,-441,-434,-426,-422,-404,-385,-385,-385,-383,-383,-371,0,-358,-347,-304,0,-244,0,0,0,-368,0,0,0,-331,0,0,0,-305,-266,-238,0,0,0,0,0,0,0,0,0,0,0,0,0,0,0,0,0,0]} 1. e4 c6 2. d4 d5 3. e5 Bf5 4. h4 h5 5. c4 e6 6. Nc3 Ne7 7. Bg5 dxc4 8. Bxc4 Nd7 9. Nge2 {B12: Caro-Kann: Advance Variation} f6 10. exf6 gxf6 11. Be3 Nb6 12. Bd3 Qd7 {LiveBook: 4 Games} 13. Nf4 O-O-O 14. Be2 Ned5 15. Nfxd5 Nxd5 {[#]} 16. Qa4 $146 (16. Nxd5 $17 Qxd5 17. Kf1) ({Predecessor:} 16. O-O Bd6 17. Nxd5 exd5 {0-1 (49) Nunn,J (2630)-Karpov,A (2780) Monte Carlo 1995}) 16... Kb8 $2 (16... Nxe3 $19 17. fxe3 Qc7) 17. Nxd5 $17 Qxd5 18. Bf3 Be4 19. Bxe4 Qxe4 20. O-O-O Bd6 21. Qb3 Rhg8 (21... Qg4 {feels hotter.} 22. Kb1 Bc7 23. g3 Bb6 24. Rhe1 Rhe8) 22. g3 Qd5 (22... Bc7 {with more complications.} 23. Rhe1 Qg4 24. Qc4 Rge8 25. Qe2 Qg6) 23. Qxd5 exd5 24. Rhe1 Kc7 25. Bd2 Rde8 26. Rxe8 Rxe8 27. Re1 Rxe1+ 28. Bxe1 $11 {[%mdl 4096] Endgame KB-KB} Kd7 29. Kc2 Ke6 30. f3 f5 31. Kd3 b6 32. b4 Be7 33. Bd2 Bd6 34. Be1 $1 Kf7 35. a4 a6 36. f4 Ke6 37. Bc3 ({White should try} 37. b5 cxb5 38. axb5) 37... c5 38. b5 $2 (38. bxc5 $17 bxc5 39. dxc5 Bxc5 40. Ke2) 38... axb5 $1 $19 39. axb5 Kd7 40. Be1 cxd4 $1 41. Bf2 Bc5 42. Bg1 Ke7 43. Bf2 Ke6 44. Bg1 Kd7 $1 45. Bf2 Kc7 $2 (45... Bb4 $1 $19 46. Bxd4 Be1) 46. Be1 $2 {[%mdl 8192]} (46. Bg1 $1 $11) 46... Kd6 $1 47. Bf2 Kd7 48. Bg1 $1 Kc7 $2 (48... Bb4 $1 $19 {Threatens to win with ...Be1.} 49. Bxd4 Be1 50. Bxb6 Bxg3) 49. Bf2 $1 $11 Bb4 {Hoping for ...Kd6.} 50. Ke2 $2 {[%mdl 8192]} (50. Bxd4 $11 {and White has nothing to worry.} Be1 51. Bf6) 50... d3+ $2 ({Better is} 50... Bc3 $1 $19 {...Kd6 is the strong threat.} 51. Kd3 Kd6 52. Bxd4 Be1 53. Bxb6 Bxg3) 51. Kxd3 Bc5 52. Be3 $2 {[%mdl 8192]} (52. Bxc5 $1 $11 {and White is okay.} bxc5 53. Ke2) 52... Kd6 $2 (52... Kd7 $1 $19 53. Ke2 Kd6) 53. Bd4 Kc7 $2 {[%mdl 8192]} (53... Kd7 $11 54. Be3 Ke6) 54. Be3 $19 {[#]} Kd7 $1 55. Ke2 {[#]} d4 $2 (55... Kd6 $1 $19 {White must now prevent ...Bxe3.} 56. Bc1 d4) 56. Bc1 $11 {The position is equal.} d3+ 57. Kxd3 Ke6 58. Kc4 Bf2 59. Bb2 Bxg3 60. Bd4 Bxh4 61. Bxb6 Be7 62. Kd4 Bd6 {Strongly threatening ...h4.} 63. Ke3 Kd5 {aiming for ...Bc5+.} 64. Bd8 {Precision: White = 51%, Black = 58%.} 1/2-1/2

[Event "EYTCC Open U18 2018"]
[Site "Bad Blankeburg"]
[Date "2018.07.15"]
[Round "4"]
[White "Schmidek, Emil"]
[Black "Horvath, Dominik"]
[Result "1/2-1/2"]
[WhiteElo "2376"]
[BlackElo "2429"]
[Annotator "TA"]
[PlyCount "84"]
[EventDate "2018.07.12"]
[EventType "swiss"]
[EventCountry "GER"]
[SourceTitle "playchess.com"]
[Source "ChessBase"]
[SourceQuality "1"]

{[%evp 21,84,15,27,3,28,29,21,25,25,33,24,30,28,7,22,10,17,26,28,37,39,38,45,14,17,19,22,29,23,9,30,3,5,7,20,0,0,0,0,0,0,0,8,10,36,34,25,0,0,0,0,0,0,0,0,0,0,0,0,0,0,-8,0,0,0]} 1. e4 e5 2. Nf3 Nc6 3. Bb5 {[%cal Bf1b5,Bb5a4,Ba4b3][%mdl 32]} a6 4. Ba4 d6 5. O-O Bd7 6. d4 exd4 7. Nxd4 b5 {C72: Ruy Lopez: Deferred Steinitz: 5 0-0} 8. Nxc6 Bxc6 9. Bb3 Nf6 10. Re1 Be7 11. Nc3 O-O {LiveBook: 5 Games} 12. Bf4 (12. a3 Re8 13. Qf3 a5 14. Bd2 Rb8 15. g4 {1-0 (58) Wang,H (2709)-Fressinet,L (2662) Riadh 2017}) 12... Nd7 $146 ({Predecessor:} 12... Re8 13. Qd2 a5 14. a3 Rb8 15. f3 a4 16. Ba2 Nd7 17. Rab1 Ne5 18. Red1 {½-½ (43) Castro Cruz,J (2224)-Degtyaryov,S (2192) ICCF email 2013}) 13. Bd5 Bxd5 14. Nxd5 Bf6 15. c3 Be5 16. Bxe5 Nxe5 17. f4 Nd7 18. Qf3 Nf6 19. Nb4 a5 20. Nc6 Qd7 21. e5 d5 22. exf6 (22. Nxa5 $5 Ne4 23. Qd3 $14) 22... Qxc6 23. fxg7 Rfe8 24. f5 Kxg7 25. Qg4+ Kh8 26. Rad1 Qc5+ 27. Kf1 c6 28. Qd4+ (28. h3 {keeps more tension.} a4 29. a3 Rxe1+ 30. Rxe1 Rg8 31. Qe2) 28... Qxd4 29. cxd4 $11 {[%mdl 4096] Endgame KRR-KRR} Kg7 30. Rc1 Rxe1+ 31. Kxe1 {KR-KR} Rc8 32. Kf2 Kf6 33. g4 h5 34. h3 hxg4 {The position is equal.} 35. hxg4 Kg5 36. Kf3 Rh8 {...Rh3+ is the strong threat.} 37. Rxc6 Rh3+ 38. Kg2 Rd3 39. Rc5 Rxd4 40. Rxb5 Kxg4 41. f6 Kf5 42. Rxa5 Ke5 {Precision: White = 59%, Black = 64%.} 1/2-1/2

[Event "EYTCC Open U18 2018"]
[Site "Bad Blankeburg"]
[Date "2018.07.15"]
[Round "4"]
[White "Morgunov, Daniel"]
[Black "Roseneck, Jonas"]
[Result "1-0"]
[WhiteElo "2346"]
[BlackElo "2182"]
[Annotator "TA"]
[PlyCount "85"]
[EventDate "2018.07.12"]
[EventType "swiss"]
[EventCountry "GER"]
[SourceTitle "playchess.com"]
[Source "ChessBase"]
[SourceQuality "1"]

{[%evp 36,85,0,-8,0,0,0,-13,-4,-4,-5,0,0,-19,0,-33,-28,-70,-58,-65,0,0,0,0,0,0,58,58,58,58,58,58,58,0,0,0,0,0,700,663,2070,1390,2847,2078,29977,6115,29974,29974,29974,29975,29969,29969]} 1. e4 e5 2. Nf3 Nc6 3. Bb5 a6 4. Ba4 Nf6 5. O-O Be7 6. Re1 b5 7. Bb3 d6 {[%cal Bd7d6,Bd6d5][%mdl 32]} 8. c3 O-O 9. d4 exd4 10. cxd4 Bg4 11. Be3 d5 12. e5 Ne4 13. Nc3 Nxc3 14. bxc3 Na5 15. Bc2 Nc4 {C91: Closed Ruy Lopez: 7...d6 8 c3 0-0 9 d4} 16. h3 (16. Qd3 g6 17. Bh6 Re8 18. h3 Bf5 19. Qe2 Bxc2 20. Qxc2 Qd7 21. Nh2 a5 22. Ng4 Ra6 23. f4 {1-0 (55) Areshchenko,A (2714)-Melkumyan,H (2634) Germany 2013}) 16... Bh5 17. g4 Bg6 18. Bf5 a5 19. Qd3 {LiveBook: 11 Games} Bxf5 20. gxf5 f6 21. e6 $146 ({Predecessor:} 21. Bf4 Qd7 22. e6 Qe8 23. Nh2 {1-0 (35) Rombaldoni,A (2459)-Brunello,S (2552) Alghero 2011}) 21... Qe8 22. Bf4 Bd6 23. Bg3 Qh5 24. Kg2 Rae8 25. Rab1 c6 26. Nh2 (26. Bxd6 Nxd6 27. Nd2 Nxf5 $17) 26... g6 27. Ng4 Kg7 (27... Bxg3 $15 28. e7 (28. Kxg3 Nd6 $17) (28. fxg3 Re7 $15) 28... Rf7 29. fxg3 Kg7 30. fxg6 hxg6) 28. Ne3 $11 Bxg3 29. fxg3 Nxe3+ 30. Rxe3 gxf5 (30... Qxf5 $11 31. e7 Rg8) 31. Rf1 $1 $14 Re7 32. Rxf5 Qg6 33. g4 $1 Rd8 34. Qf1 (34. Qe2 $14) 34... Rd6 $1 $11 35. Qe2 Qe8 $1 {[%cal Rd6e6]} 36. g5 $36 {[%mdl 2048] White is pushing.} Qg6 $2 {[%mdl 8192] [#]} (36... fxg5 $11 37. Rxg5+ Kh8) 37. Rxf6 $18 Qe8 38. Qg4 b4 39. cxb4 axb4 40. Qh4 (40. Qf5 $142 Rd8 41. Rf3 Ra8 42. Rf7+ Rxf7 43. Qe5+ (43. exf7 Qe7 $16) (43. Qxf7+ Qxf7 44. Rxf7+ Kg6 $14) 43... Kf8 44. Rxf7+ Qxf7 45. exf7 Kxf7 46. Qf6+ Kg8 47. Qxc6 Rxa2+ 48. Kf3 Ra3+ 49. Kg4) 40... Kg8 41. Qh6 {White mates.} Rd8 42. Ref3 Ra8 43. Rf7 {Precision: White = 62%, Black = 53%.} 1-0

[Event "EYTCC Open U18 2018"]
[Site "Bad Blankeburg"]
[Date "2018.07.15"]
[Round "4"]
[White "Dobrovoljc, Vid"]
[Black "Vogel, Roven"]
[Result "0-1"]
[WhiteElo "2344"]
[BlackElo "2467"]
[Annotator "TA"]
[PlyCount "98"]
[EventDate "2018.07.12"]
[EventType "swiss"]
[EventCountry "GER"]
[SourceTitle "playchess.com"]
[Source "ChessBase"]
[SourceQuality "1"]

{[%evp 18,98,37,8,18,-7,-14,-29,5,-42,-41,-149,-125,-120,-121,-122,-127,-106,0,0,0,-16,-17,-21,70,-62,35,15,34,-5,-5,-5,-5,-5,-5,-4,-7,-43,-57,-107,-120,-199,-207,-1734,-609,-693,-754,-740,-720,-730,-715,-710,-687,-709,-635,-614,-409,-415,-405,-392,-387,-420,-418,-458,-439,-529,-537,-582,-567,-774,-655,-1024,-939,-1040,-899,-5606,-5193,-29972,-29974,-29978,-29977,-29987,-29988]} 1. e4 c6 2. d4 d5 3. e5 Bf5 4. Nf3 e6 5. Be2 Nd7 6. Nbd2 {B12: Caro-Kann (Vorstoß-Variante)} (6. O-O Ne7 7. Nbd2 c5 8. dxc5 Nc6 9. Nb3 Bxc5 10. Nxc5 Nxc5 11. Nd4 Bg6 12. Nxc6 bxc6 13. Be3 Nd7 14. f4 c5 15. c4 d4 {0-1 (38) Vachier Lagrave,M (2789)-Mamedyarov,S (2808) Stavanger 2018}) 6... h6 7. Nb3 Ne7 8. O-O g5 9. Ne1 Qc7 10. Nd3 {LiveBook: 36 Partien} Ng6 11. a4 f6 12. exf6 O-O-O 13. Be3 Nxf6 14. Rc1 $146 (14. Nbc5 $15) ({Vorgänger:} 14. a5 Bd6 15. g3 {0-1 (35) Kuna,H (2348)-Scheiba,M (2539) Remote email 2013}) 14... g4 15. Ne5 {[%cal Re5g4]} Bd6 16. Nxg4 Nxg4 17. Bxg4 h5 (17... Bxh2+ $17 18. Kh1 Bd6) 18. Bxf5 $11 exf5 19. Qd3 Rdf8 20. c4 Rhg8 (20... Bxh2+ $11 21. Kh1 Bf4) 21. Bh6 (21. cxd5 $1 $14 Bxh2+ 22. Kh1) 21... Nh4 (21... Bxh2+ $15 22. Kh1 Nf4) 22. g3 $14 Rf6 $1 23. Bd2 {[#] Schwarz muss nun cxd5 beachten.} f4 {zielt auf ...Dd7 ab.} 24. Kh1 $1 $132 {[%mdl 2048] Weiss is not keeping still} Qd7 {( -> ...Dh3)} 25. gxh4 dxc4 26. Qf3 $1 (26. Rxc4 f3 $19) ({Nicht} 26. Qxc4 $2 Qg4 $19) 26... cxb3 27. d5 {[%cal Rd5c6]} c5 28. Bb4 (28. Qxb3 f3 $19) 28... b6 29. a5 {[#]} (29. Bc3 $17 Rfg6 30. a5) 29... Qg4 $1 $19 {[%cal Rg4f3]} 30. Qe4 $2 (30. Qxg4+ hxg4 31. axb6 axb6 32. Bc3) 30... f3 (30... Rfg6 $142 31. Bc3 Qh3) 31. Qxg4+ Rxg4 32. Bc3 Rf5 33. Rg1 Rxh4 {[%csl Gd6][%cal Rh4h2]} 34. Rg8+ Kb7 35. Ra1 Rxh2+ 36. Kg1 {beabsichtigt a6+.} Rg2+ 37. Rxg2 fxg2 38. Kxg2 Rxd5 39. axb6 axb6 {[%mdl 4096] Endspiel KTL-KTL} 40. Kf3 Rf5+ 41. Ke3 b5 {[%cal Bb6b5,Bb5b4][%mdl 32]} 42. Rh1 Kc6 43. Rh4 Kd5 44. f4 b4 45. Bg7 c4 {[%cal Bc5c4,Bc4c3][%mdl 32]} 46. Bh8 Bc5+ 47. Kd2 Bd4 {Schwarz setzt Matt.} 48. Bxd4 Kxd4 49. Kc1 c3 {Precision: Weiß = 31%, Schwarz = 65%.} 0-1

[Event "EYTCC Open U18 2018"]
[Site "Bad Blankeburg"]
[Date "2018.07.15"]
[Round "4"]
[White "Banzea, Alexandru-Bogdan"]
[Black "Gumularz, Szymon"]
[Result "0-1"]
[WhiteElo "2337"]
[BlackElo "2461"]
[Annotator "TA"]
[PlyCount "83"]
[EventDate "2018.07.12"]
[EventType "swiss"]
[EventCountry "GER"]
[SourceTitle "playchess.com"]
[Source "ChessBase"]
[SourceQuality "1"]

{[%evp 11,83,24,54,0,52,24,62,70,75,83,88,68,92,89,101,71,84,77,112,55,47,23,22,22,29,16,20,8,9,0,0,-21,0,0,0,0,0,0,0,-44,0,0,0,-54,16,8,0,-7,-3,-32,0,0,0,-43,-43,-43,-43,-104,-57,-42,-59,-77,-74,-166,0,-77,0,-163,-128,-297,-306,-341,-341,-297]} 1. e4 c5 2. Nf3 g6 3. d4 Bg7 4. c4 Qb6 5. dxc5 Qxc5 6. Nc3 {A40: Unusual replies to 1 d4} (6. Be2 d6 7. O-O Nc6 8. h3 Qb6 9. Qc2 Nd4 10. Nxd4 Bxd4 11. Nd2 Bg7 12. Nb3 Nf6 13. Be3 Qc7 14. Rac1 {½-½ (30) Giri,A (2771)-Ivanchuk,V (2738) Leuven 2017}) 6... d6 {LiveBook: 4 Games} 7. Be2 ({White should try} 7. Qc2 $14) 7... Bg4 (7... Bxc3+ $1 $11 8. bxc3 Nf6) 8. O-O {White is slightly better.} Nf6 9. Be3 Qa5 10. h3 $146 ({Predecessor:} 10. Nd4 Bxe2 11. Qxe2 O-O 12. f3 Nc6 13. Rfd1 Rac8 14. Rac1 Nxd4 15. Bxd4 {½-½ (68) Amanov,Z (2382)-Molner,M (2447) Los Angeles 2011}) 10... Bxf3 11. Bxf3 {[#] Black must now prevent e5!} Nc6 {[%cal Bb8c6,Bc6e5,Be5d7,Bd7c5][%mdl 32]} 12. a3 O-O 13. b4 Qd8 14. Rc1 Nd7 15. Qd2 (15. Be2 $16) 15... a5 $14 16. b5 Nce5 17. Be2 {aiming for f4.} Nc5 18. Qc2 e6 19. Rfd1 {Hoping for Bxc5.} Qe7 20. f4 Ned7 21. Bf3 Rac8 22. Na4 Rfd8 23. Kh2 h5 24. Nxc5 Nxc5 25. Rb1 Kh7 26. Kh1 b6 27. Rd2 (27. g4 $11) 27... e5 (27... Bh6 $1 $15) 28. f5 $11 Bh6 29. Bxc5 Rxc5 30. Rd5 Bf4 31. Qd3 Kg7 32. fxg6 fxg6 33. Rd1 Rxd5 34. exd5 (34. Qxd5 $15 Be3 35. Qc6) 34... Rf8 35. Be4 Qg5 36. Rf1 Bg3 37. Bf3 (37. c5 $17 Rxf1+ 38. Qxf1 dxc5 39. a4) 37... Bf4 (37... Qh4 $19 {has better winning chances.} 38. Kg1 Rf4) 38. Be4 $17 {[#]} Bg3 (38... h4 $1 $17) 39. Bf3 $1 $19 Rf4 40. c5 $2 (40. Qc3 $17 {is a better defense.}) 40... Rd4 ({Don't play} 40... dxc5 41. Be4 $19) ({Not} 40... bxc5 41. b6 $11) 41. Qe2 dxc5 42. Rd1 {Precision: White = 44%, Black = 47%.} 0-1

[Event "EYTCC Open U18 2018"]
[Site "Bad Blankeburg"]
[Date "2018.07.15"]
[Round "4"]
[White "Urban, Konstantin"]
[Black "Morgunov, Marc"]
[Result "0-1"]
[WhiteElo "2325"]
[BlackElo "2362"]
[Annotator "TA"]
[PlyCount "132"]
[EventDate "2018.07.12"]
[EventType "swiss"]
[EventCountry "GER"]
[SourceTitle "playchess.com"]
[Source "ChessBase"]
[SourceQuality "1"]

{[%evp 21,132,0,2,-7,0,-6,12,9,15,-35,-24,-32,-31,-32,-28,-25,-14,-30,0,0,0,0,22,0,0,0,0,0,1,-52,-56,-51,-47,-129,-130,-127,-138,-226,-212,-237,-177,-224,-122,-142,-130,-153,-135,-128,-137,-133,-137,-144,-159,-135,-134,-201,-197,-187,-197,-188,-185,-235,-194,-245,-145,-145,-141,-141,-121,-141,-141,-145,-145,-145,-145,-145,-109,-145,-145,-145,-145,-294,-287,-280,-249,-208,-141,-141,-141,-263,-230,-316,-268,-1234,-1196,-1576,-1570,-1554,-1519,-2054,-1995,-1991,-1610,-1951,-1938,-1856,-1794,-1654,-1582,-1268,-1238,-1238,-1166]} 1. e4 e5 2. Nf3 Nc6 3. Bb5 {[%cal Bf1b5,Bb5a4,Ba4b3,Bb3a2][%mdl 32]} a6 4. Ba4 Nf6 5. O-O Be7 6. d3 b5 7. Bb3 d6 8. a4 Bd7 9. Nc3 {C84: Spanische Partie (Mittelgambit)} (9. c3 O-O 10. Bc2 Re8 11. Re1 h6 12. Nbd2 b4 13. d4 Rb8 14. d5 bxc3 15. bxc3 Na5 16. Ba3 c6 {0-1 (48) Caruana,F (2816)-So,W (2778) Leuven 2018}) 9... Na5 10. Ba2 b4 11. Ne2 O-O {LiveBook: 5 Partien} 12. Nd2 $146 ({Vorgänger:} 12. Ng3 c5 13. Nh4 Nxe4 14. dxe4 Bxh4 15. Qxd6 b3 16. cxb3 Qe7 {½-½ (40) Ni,H (2710)-Johannessen,L (2545) Dresden 2008}) 12... c6 13. h3 d5 14. Ng3 Qc7 15. Nh5 Be6 16. Nxf6+ Bxf6 17. Qe2 Rfe8 18. Nf3 Rab8 19. Bd2 dxe4 20. dxe4 Bxa2 21. Rxa2 Qc8 22. Be3 c5 23. Rd1 b3 24. Ra3 Rb4 25. Bd2 (25. Rc1 $11) 25... bxc2 $15 26. Rc1 Qb7 $36 {[%mdl 2048] Schwarz drückt.} 27. Bxb4 (27. Re3 $15 Rxa4 28. Bxa5 Rxa5 29. Qxc2) 27... cxb4 $17 28. Rd3 b3 {[%mdl 1024] Schwarz hat starke Kompensation.} 29. Rd5 (29. g3 $17 {war angesagt.}) 29... Nc6 $19 30. Qe3 Rb8 31. Rd3 Na5 (31... Qb4 $19 32. Ra1 h6) 32. Nd2 $17 h6 {...Lg5 ist eine echte Drohung.} 33. Qc5 Qb4 34. Qxb4 Rxb4 35. Nxb3 Nxb3 36. Rxc2 Nd4 37. Rc8+ Kh7 38. Ra8 (38. Rc7 $17) 38... Rxa4 $19 39. Ra3 Rb4 40. R8xa6 Rxb2 41. Ra2 Rb1+ 42. Kh2 h5 (42... Re1 $19 43. f3 Bg5) 43. Ra1 $17 Rxa1 44. Rxa1 h4 45. Ra7 Kg6 46. Kg1 Ne2+ 47. Kf1 Nc3 48. f3 Nb5 49. Rb7 Nd4 50. Rb6 Ne6 51. Kf2 (51. Rb5 $17 {kämpft weiter.}) 51... Be7 $19 {[#] Weiss muss nun ...Lc5+ beachten.} 52. Rb7 Bc5+ 53. Kf1 f6 54. Rb2 Kg5 55. Ra2 {[#]} (55. Rb8 $17) 55... Nf4 $1 56. Rc2 Bd4 57. Ra2 $2 (57. Rc8) 57... Nh5 {Schwarz steht klar auf Gewinn.} 58. Ke1 Kf4 59. Kf1 Kg3 60. Rc2 Nf4 61. Ra2 Kh2 62. Rc2 g5 63. Ra2 Kh1 64. Rc2 Nh5 65. Ra2 Ng3+ 66. Ke1 Kg1 {Precision: Weiß = 36%, Schwarz = 70%.} 0-1

[Event "EYTCC Open U18 2018"]
[Site "Bad Blankeburg"]
[Date "2018.07.15"]
[Round "4"]
[White "Amon, Nejc"]
[Black "Martin, Julian"]
[Result "1/2-1/2"]
[WhiteElo "2295"]
[BlackElo "2415"]
[Annotator "TA"]
[PlyCount "84"]
[EventDate "2018.07.12"]
[EventType "swiss"]
[EventCountry "GER"]
[SourceTitle "playchess.com"]
[Source "ChessBase"]
[SourceQuality "1"]

{[%evp 23,84,-24,-13,-61,0,0,0,0,23,16,10,18,34,22,33,0,0,-50,0,0,61,11,59,72,74,66,239,50,92,98,118,101,121,95,242,222,299,318,334,300,310,110,162,159,302,286,276,188,239,96,284,0,0,0,0,0,0,0,0,0,111,110,97]} 1. e4 c5 2. Nf3 d6 3. d4 cxd4 4. Nxd4 Nf6 5. Nc3 a6 6. f3 e5 7. Nb3 Be6 8. Be3 h5 9. Qd2 Nbd7 10. O-O-O Be7 11. Kb1 b5 {B90: Sicilian Najdorf: Unusual White 6th moves, 6 Be3 Ng4 and 6 Be3 e5} 12. Qf2 (12. h4 O-O 13. Bg5 Rc8 14. a3 Qc7 15. g4 hxg4 16. fxg4 Nb6 17. Bxf6 Bxf6 18. g5 {½-½ (70) Yu,Y (2751)-Vachier Lagrave,M (2789) Riadh 2017}) 12... Rc8 {LiveBook: 8 Games} 13. h3 Qc7 (13... Rxc3 $1 $15 14. bxc3 d5) 14. Bd3 $11 h4 15. f4 Bc4 16. Rhf1 $146 ({Predecessor:} 16. Rhe1 b4 17. Nd5 Nxd5 18. exd5 Bxd3 19. Rxd3 {0-1 (31) Baltic,F (1903)-Fieberg,S (2133) Willingen 2015}) 16... b4 17. Nd5 Nxd5 18. exd5 {next fxe5 is good for White.} Bxd3 19. Rxd3 (19. cxd3 {with more complications.} O-O 20. fxe5 Nxe5 21. g3 Qb7 22. gxh4 Qxd5 23. Nd4) 19... O-O $1 20. Rdd1 Bf6 21. fxe5 dxe5 ({Better is} 21... Nxe5 $11 22. Bb6 Qc4) 22. Rd2 a5 {With the idea ...a4.} 23. d6 Qc6 {Hoping for ...a4.} 24. Nxa5 Qa4 $2 (24... Qb5 $14 25. Nb3 Ra8) 25. Nb3 $2 (25. Rd5 $1 $18 Rc5 26. Bxc5 Qxa5 27. Rfd1) 25... Ra8 {[#]} 26. Nc1 $1 Ra6 27. Qf5 Rfa8 28. Qd3 e4 (28... Qc6 $16) 29. Qxe4 $18 Qb5 30. Rf5 {[%cal Bf1f5,Bf5d5,Bd5d4,Bd4c4][%mdl 32]} Qb8 31. Rfd5 (31. Rh5 g6 $18) 31... Bc3 32. Qd3 $2 ({Don't play} 32. Qxh4 Nf6 $18) (32. Rf2 $18 {is more deadly.} Bf6 33. Bd4) 32... Bxd2 (32... Ne5 $16 33. Rxe5 Bxe5) 33. Bxd2 Qe8 (33... Rb6 $16 34. Rd4 Qd8) 34. Bxb4 Qe6 35. Rd4 Ne5 (35... Rxa2 $142 36. Ba3 (36. Nxa2 Qxa2+ 37. Kc1 Qa1+ 38. Kd2 Qg1 $16) 36... R2xa3 37. bxa3 Qe1) 36. Qb3 (36. Qe2 $18 {and White stays clearly on top.}) 36... Qf6 $2 (36... Qxb3 $16 37. Nxb3 Nc6) 37. Qd5 $2 (37. Re4 $18) 37... Nc6 $11 38. Rc4 Nxb4 39. Rxb4 Qxd6 40. Qxd6 Rxd6 41. Rxh4 Rd1 {[#]} (41... Rd2 $11 {keeps the balance.}) 42. b4 $1 $16 Rd2 {Precision: White = 30%, Black = 23%.} 1/2-1/2